|
|
|
|
| LEADER |
00000cam a2200000 7i4500 |
| 001 |
0000003855 |
| 005 |
20110801.0 |
| 020 |
0 |
0 |
|a 0851993761
|
| 090 |
0 |
0 |
|a 577.3276
|b INNE 2000
|
| 245 |
1 |
0 |
|a Forest dynamics in heavily polluted regions : :
|b report No.1 of the IUFRO task force on environmental change
|c edited by J.L. Innes and J.Oleksyn
|
| 260 |
0 |
0 |
|a Oxford :
|b CABI Publishing in association with The international Union of Forestry Research Organizations (IUFRO) ,
|c 2000
|
| 300 |
|
|
|a xi, 248 p. :
|b ill,maps ;
|c 25 cm.
|
| 490 |
0 |
0 |
|a IUFRO research series 1
|
| 504 |
0 |
0 |
|a Includes bibliographical references and index
|
| 650 |
0 |
0 |
|a Air---pollution
|
| 650 |
0 |
0 |
|a Forest dynamics
|
| 700 |
0 |
1 |
|a Innes, John L
|
| 700 |
0 |
1 |
|a Oleksyn, J
|
| 998 |
|
|
|a JPSM
|
| 999 |
|
|
|a 007378
|b Monograph
|c Open Shelf
|e Default branch
|